• 首页
  • 本馆介绍
  • 公告通知
  • 最新文献
  • 馆藏检索
  • 电子资源
  • 读者导购
  • 参考咨询
  • 我的图书馆
  • 登录
  • 详细信息显示
  • 放入我的书架
  • 预约/预借图书
  • 作者相关作品
  • 分类相关作品
  • 丛书相关作品
  • 出版社相关作品

书目信息

  • 表格格式
  • 工作单格式
  • 卡片格式
题名:
声呐统计方法
    
 
作者: 奥里雪夫斯基 著 ;武延祥 , 黄建国 译
分册:  
出版信息: 北京   国防工业出版社  1984.3
页数: 200页
开本: 20cm
丛书名:
单 册:
中图分类: TB566
科图分类:
主题词: 水声工程 , 水声--应用
电子资源:
ISBN:
000 00639nam0 2200229 45
001 0312221749
005 20031222170908.3
010    @dCNY1.05
100    @a20031222d1984 km y0chiy0120 ea
101    @achi
105    @a z 000yy
200 1  @a声呐统计方法@ASheng Na Tong Ji Fang Fa@f奥里雪夫斯基著@FAo Li Xue Fu Si Ji Zhu@g武延祥,黄建国译
210    @a北京@c国防工业出版社@d1984.3
215    @a200页@d20cm
606 0  @a水声工程
606 0  @a水声@x应用
690    @aTB566@v3
701 0  @a奥里雪夫斯基@4著
702 0  @a武延祥@4译
702 0  @a黄建国@4译
801    @aCN@bTSTCL@c20031222
905    @a213230@dTB566@e51@b109635-636@f2
    
    声呐统计方法/奥里雪夫斯基著/武延祥,黄建国译.-北京:国防工业出版社,1984.3
    200页;20cm
    
    
    ISBN :CNY1.05
    
●
相关链接 在E读中查询图书 在五车中查询图书 在当当中查询图书 在豆瓣中查询图书


正题名:声呐统计方法     索取号:TB566/51         预约/预借

序号 登录号 条形码 馆藏地/架位号 状态 备注
1 0109635   001359041   第三借阅区/ [索取号:TB566/51] 在馆    
2 0109636   001359005   第二样本阅览室/ [索取号:TB566/51] 在馆    
唐山师范学院图书馆 欢迎您!
大连网信软件有限公司© 版权所有